000 00768nam a2200301Ia 4500
001 18146
003 IT-RoPAU
008 130308s9999 xx 000 0 und d
040 _aIT-RoPAU
040 _cIT-RoPAU
041 _aFRANCESE
100 _aMalraux Andrè
100 _gCodice Aut. SPICS: 10322
245 _aChant des Metamorphoses (Le)
245 _bUnivers des Signes (L')
250 _a1a ed.
260 _aPARIS
260 _bMasson Et Cie
260 _c1974 [1° Ed.:1974 - Ed.Ling.Originale:1965]
300 _a"3 p. (prefazione: no ; testo: 3 [pagine: 106-108])"
500 _aCanto delle Metamorfosi
650 _aSEGNOLOGIA
650 _eCodice materia Spics: 3001
942 _cBK
957 _71
999 _c38579
_d38579
999 _bSI
999 _g1